000 00961cam a2200277 a 4500
001 60058
005 20251205185938.0
008 190621s2019 ck a gr 000 jdspa
020 _a9789584230737
040 _aCO-BoBN
_bspa
_cCO-BoBN
_erda
082 0 4 _a863.7
_bL864s
_223
084 _aC LOP2s
100 1 _aLópez Narváez, Concha,
_d1939-
_eautor
_942059
245 1 3 _aEl silencio del asesino /
_cConcha López Narváez ; ilustraciones de Rafael Salmerón
250 _anovena edición
264 1 _aBogotá; Colombia
_bEditoral Planeta Colombiana
_c2024
300 _a141 páginas
_bilustraciones en blanco y negro
_c19 cm
336 _atexto
_btxt
_2rdacontenido
337 _ano mediado
_bn
_2rdamedio
338 _avolumen
_bnc
_2rdasoporte
490 0 _aPlaneta lector. Juvenil
500 _aIncluye biografía de la autora
650 1 4 _aCuentos españoles
_ySiglo XXI
_2LEMB
_965054
700 1 _aSalmerón, Rafael,
_eilustrador
_967651
942 _cBK
999 _c60058
_d60058